000 01025 a2200229 4500
005 20260327164744.0
008 260327b |||||||| |||| 00| 0 eng d
020 _a9789348309297 (hbk)
037 _cTB
040 _aCRL
_cCRL
041 _2hin
_ahin
084 _aV2.C 152R5
_qCRL
100 _aचौबे, धर्मचन्द
_9822197
245 _aवृहत्तर भारत का संक्षिप्त इतिहास
260 _aनई दिल्ली, भारत:
_bअखिल भारतीय इतिहास संकलन योजना,
_c2025.
300 _a407पृ.
650 _aभारत
650 _aसंक्षिप्त इतिहास
_91232019
700 _aसिंह, शत्रुजीत
_eलेखक
_91232020
942 _cTB
_2CC
_hV2.C 152R5
999 _c1435974
_d1435974